[Event "Stara Pazova"]
[Site "Stara Pazova"]
[Date "2007.07.29"]
[Round "7"]
[White "Miljkovic, Vladimir"]
[Black "Berescu, Alin Mile"]
[Result "0-1"]
[WhiteElo "2235"]
[BlackElo "2511"]
[PlyCount "68"]
[EventDate "2007.07.25"]
[EventType "tourn"]
[EventRounds "11"]
[EventCountry "YUG"]
[EventCategory "6"]
[SourceTitle "CBM 119 Extra"]
[Source "ChessBase"]
[SourceDate "2007.09.04"]
[SourceVersion "1"]
[SourceVersionDate "2007.09.04"]
[SourceQuality "1"]

1. e4 e6 2. d4 d5 3. e5 c5 4. c3 Nc6 5. Nf3 Bd7 6. a3 a5 7. Bd3 Qb6 8. dxc5 Bxc5 9. 0-0 Nge7 10. Qe2 a4 11. Nbd2 Na5 12. c4 h6 13. Re1 0-0 14. Rb1 f5 15. exf6 Rxf6 16. cxd5 exd5 17. b4 axb3 18. Bb2 Re6 19. Ne5 Rf8 20. Kh1 Bc8 21. Qh5 Nac6 22. Ng4 Nd4 23. f4 Rxe1+ 24. Rxe1 Bf5 25. Bxf5 Nexf5 26. Ne5 Qa5 27. Ndf3 Nc2 28. Re2 Qa6 29. Ne1 Ncd4 30. Rf2 Ne6 31. Rf3 Qe2 32. N5d3 Nxf4 33. Qg4 Nxd3 34. Bxg7 Qxe1+ 0-1